Enhebrando el hilo : mujeres trabajadoras de la maquila en América Central, contexto económico y social del empleo en la maquila textil y de vestuario.

Bibliographic Details
Main Author: Fernádez Pacheco, Janina.
Format: Section = Libro
Language:Undetermined
Spanish
Published: Costa Rica OIT 2001
Subjects:
LEADER 00741nam a2200217Ia 4500
008 240829s9999 xx 000 0 und d
020 |a 9968-863-02-5 
040 |a BIBLIOTECA-RUPAP Ref 331.58 E58 
041 |a spa 
082 |a Ref 331.58 E58 
100 1 |a Fernádez Pacheco, Janina. 
245 1 0 |a Enhebrando el hilo : mujeres trabajadoras de la maquila en América Central, contexto económico y social del empleo en la maquila textil y de vestuario. 
260 |a Costa Rica  |b OIT  |c 2001 
300 |a 370 p. :il. 
650 7 |a MAQUILA - AMERICA CENTRAL. 
650 7 |b  MUJERES EN LA INDUSTRIA. 
650 7 |c  MAQUILA - ASPECTOS SOCIOECONOMICOS. 
650 7 |d  EMPLEO - MAQUILA. I. Tít. 
942 |c BK  |2 ddc 
991 |a TEXTO 
999 |c 10424